000 005700000a22001810004500
003 MACL
005 20160124161950.0
008 160124b xxu||||| |||| 00| 0 eng d
040 _aMACL
_cMACL
041 _aHindi
082 _a363/YAD
100 _aयादव राजाराम
_934587
245 _aभारतीय साक्ष्‍य अधिनियम
260 _bसेन्‍ट्रल लॉ एजेन्‍सी
_c1997
_aइलाहाबाद
350 _a100
650 _aSocial Problem
_934588
942 _cHIN
_k363 /YAD
_2ddc
999 _c30641
_d30641